000 00688nam a2200217 i 4500
001 90741
003 ES-MaACL
005 20240521111715.0
007 t|
008 050124s1972 sp ||||1| spa d
080 _a76 Miró, Joan
100 1 _aLeiris, Michel.
_971391
245 1 0 _aJoan Miró, litógrafo.
_n1 /
_cMichel Leiris ; Fernand Mourlot, catálogo y notas ; traducción, Joaquín Marco.
260 _aBarcelona :
_bPolígrafa,
_c1972.
300 _a1 v., 128 lám. ;
_c23 cm.
600 1 4 _aMiró, Joan.
_981604
700 1 _aMourlot, Fernand.
_983907
700 1 _aMarco, Joaquín,
_d1935-2020
_976466
852 4 _aES-MaACL
_jP-1426
999 _c90741
_d90741